Giáo trình văn học thiếu nhi Việt Nam Dành cho học viên ngành Giáo dục tiểu học. Hệ đào tạo Tại chức và Từ xa
Trình bày khái quát về văn học thiếu nhi bao gồm: Truyện thần thoại, truyện tiểu thuyết, truyện cổ tích,... và các tác phẩm văn học viết cho thiếu nhi của một số tác giả Nguyễn Huy Tưởng, Tô Hoài, Phạm Hổ......
Gardado en:
| Autor Principal: | |
|---|---|
| Formato: | Libro |
| Idioma: | Undetermined |
| Publicado: |
Hà Nội
Nxb. Đại học Sư phạm
2007
|
| Những chủ đề: | |
| Các nhãn: |
Engadir etiqueta
Sen Etiquetas, Sexa o primeiro en etiquetar este rexistro!
|
| Thư viện lưu trữ: | Trung tâm Học liệu Trường Đại học Cần Thơ |
|---|
| LEADER | 01146nam a2200229Ia 4500 | ||
|---|---|---|---|
| 001 | CTU_238523 | ||
| 008 | 210402s9999 xx 000 0 und d | ||
| 082 | |a 895.922071 | ||
| 082 | |b Ng454 | ||
| 100 | |a Trần, Đức Ngôn | ||
| 245 | 0 | |a Giáo trình văn học thiếu nhi Việt Nam | |
| 245 | 0 | |b Dành cho học viên ngành Giáo dục tiểu học. Hệ đào tạo Tại chức và Từ xa | |
| 245 | 0 | |c Trần Đức Ngôn, Dương Thu Hương | |
| 260 | |a Hà Nội | ||
| 260 | |b Nxb. Đại học Sư phạm | ||
| 260 | |c 2007 | ||
| 520 | |a Trình bày khái quát về văn học thiếu nhi bao gồm: Truyện thần thoại, truyện tiểu thuyết, truyện cổ tích,... và các tác phẩm văn học viết cho thiếu nhi của một số tác giả Nguyễn Huy Tưởng, Tô Hoài, Phạm Hổ... | ||
| 526 | |a Văn học thiếu nhi | ||
| 526 | |b SG425 | ||
| 650 | |a Văn học thiếu nhi Việt Nam,Children's literature, Vietnamese | ||
| 910 | |b nthai | ||
| 980 | |a Trung tâm Học liệu Trường Đại học Cần Thơ | ||